[Event "Yerevan op-A 4th"]
[Site "Yerevan"]
[Date "2022.10.12"]
[Round "3"]
[White "Shams, Mohammad Matin"]
[Black "Sochacki, Christophe"]
[Result "1/2-1/2"]
[WhiteElo "2167"]
[BlackElo "2463"]
[PlyCount "148"]
[EventDate "2022.10.10"]
[EventType "swiss"]
[EventRounds "9"]
[EventCountry "ARM"]
[SourceTitle "CBM 210 Extra"]
[Source "ChessBase"]
[SourceDate "2022.11.30"]
[SourceVersion "1"]
[SourceVersionDate "2022.11.30"]
[SourceQuality "1"]

1. Nf3 d5 2. g3 c5 3. Bg2 Nf6 4. 0-0 g6 5. d4 cxd4 6. Nxd4 Bg7 7. Nb3 Nc6 8. Nc3 e6 9. h3 0-0 10. Be3 Ne5 11. Bc5 Re8 12. e4 Nc4 13. exd5 Nxb2 14. Qf3 Nxd5 15. Nxd5 exd5 16. Bd4 Be6 17. Qc3 Na4 18. Qb4 Nb6 19. Bxg7 Kxg7 20. a4 Rc8 21. a5 Rc4 22. Qd2 Na4 23. Rfe1 Nc3 24. Qe3 b6 25. axb6 axb6 26. Bf1 Rc8 27. Ba6 Rc6 28. Bb7 Rc4 29. Ra8 Qe7 30. Rxe8 Qxe8 31. Nd2 Rc5 32. Nb3 Rc4 33. Qe5+ Kg8 34. Ra1 Qf8 35. Ra8 Bc8 36. Nd4 f6 37. Bxd5+ Kh8 38. Qe6 Nxd5 39. Qxd5 Qc5 40. Qf7 Rxd4 41. Qxf6+ Kg8 42. Rxc8+ Qxc8 43. Qxd4 Qxc2 44. Qxb6 Qd1+ 45. Kg2 Qd5+ 46. Kh2 Qd1 47. Qe6+ Kg7 48. Kg2 Qa1 49. Qe7+ Kg8 50. Qb7 h5 51. Qe7 Qa8+ 52. Kh2 Qf3 53. Qe3 Qf6 54. Kg2 Kg7 55. Qf3 Qe5 56. h4 Qd4 57. Qb7+ Kg8 58. Kf3 Qd3+ 59. Kg2 Qd4 60. Qe7 Qd5+ 61. Kg1 Qd1+ 62. Kh2 Qf3 63. Qe3 Qf6 64. Kg2 Qc6+ 65. Qf3 Qe6 66. Kf1 Qc4+ 67. Qe2 Qc1+ 68. Kg2 Qc6+ 69. f3 Qf6 70. Qe4 Kg7 71. Kh3 Qf7 72. Kg2 Qa2+ 73. Kf1 Qa1+ 74. Ke2 Qb2+ 1/2-1/2

[Event "Yerevan op-A 4th"]
[Site "Yerevan"]
[Date "2022.10.10"]
[Round "1"]
[White "Ter Sahakyan, Samvel"]
[Black "Shams, Mohammad Matin"]
[Result "0-1"]
[WhiteElo "2625"]
[BlackElo "2167"]
[PlyCount "74"]
[EventDate "2022.10.10"]
[EventType "swiss"]
[EventRounds "9"]
[EventCountry "ARM"]
[SourceTitle "CBM 210 Extra"]
[Source "ChessBase"]
[SourceDate "2022.11.30"]
[SourceVersion "1"]
[SourceVersionDate "2022.11.30"]
[SourceQuality "1"]

1. e4 c6 2. d4 d5 3. e5 Bf5 4. Nf3 e6 5. Be2 Nd7 6. 0-0 a5 7. a4 f6 8. c4 fxe5 9. cxd5 exd5 10. dxe5 Bc5 11. Nd4 Ne7 12. Nc3 Nxe5 13. Bh5+ N5g6 14. Be3 Bb4 15. Bg5 0-0 16. Bxg6 hxg6 17. Re1 Rf7 18. Qd2 Qb6 19. Nf3 Re8 20. Bh4 Rff8 21. Bg3 Nc8 22. Ng5 Be7 23. h4 Bxg5 24. hxg5 Qb4 25. Be5 Nb6 26. Qd4 Qxd4 27. Bxd4 Nc4 28. Bc5 Rxe1+ 29. Rxe1 Rf7 30. b3 Nd2 31. b4 Nb3 32. Re8+ Kh7 33. Ne2 axb4 34. Bxb4 d4 35. f3 c5 36. Bxc5 Nxc5 37. Nxd4 Bd7 0-1

[Event "Qazvin Cup 10th"]
[Site "Qazvin"]
[Date "2022.07.31"]
[Round "9"]
[White "Shams, Mohammad Matin"]
[Black "Abdollahabadi, Amir Hosien"]
[Result "1-0"]
[WhiteElo "2105"]
[BlackElo "1797"]
[PlyCount "43"]
[EventDate "2022.07.25"]
[EventType "swiss"]
[EventRounds "9"]
[EventCountry "IRI"]
[SourceTitle "EXT 2023"]
[Source "ChessBase"]
[SourceDate "2022.10.05"]
[SourceVersion "1"]
[SourceVersionDate "2022.10.05"]
[SourceQuality "1"]

1. Nf3 Nf6 2. g3 c5 3. c4 Nc6 4. Nc3 e5 5. Bg2 d6 6. d3 Be7 7. 0-0 0-0 8. a3 Rb8 9. Rb1 b6 10. Bg5 Nd7 11. Bxe7 Qxe7 12. Qa4 b5 13. Nxb5 Nb6 14. Qd1 f5 15. Nd2 Bd7 16. b4 h5 17. e3 h4 18. Nc3 g5 19. Qh5 Rf7 20. Nd5 Nxd5 21. Bxd5 Be6 22. Qg6+ 1-0

[Event "Qazvin Cup 10th"]
[Site "Qazvin"]
[Date "2022.07.28"]
[Round "6"]
[White "Sedaghati, Mehrdad"]
[Black "Shams, Mohammad Matin"]
[Result "1/2-1/2"]
[WhiteElo "2071"]
[BlackElo "2105"]
[PlyCount "116"]
[EventDate "2022.07.25"]
[EventType "swiss"]
[EventRounds "9"]
[EventCountry "IRI"]
[SourceTitle "EXT 2023"]
[Source "ChessBase"]
[SourceDate "2022.10.05"]
[SourceVersion "1"]
[SourceVersionDate "2022.10.05"]
[SourceQuality "1"]

1. c4 e6 2. g3 d5 3. Nf3 dxc4 4. Qa4+ Nd7 5. Qxc4 a6 6. Bg2 b5 7. Qc2 Bb7 8. 0-0 c5 9. a4 Ngf6 10. d3 Be7 11. Nc3 Bc6 12. Qb3 c4 13. Qd1 b4 14. Na2 cxd3 15. Qxd3 Be4 16. Qd1 Nc5 17. Nd4 Bxg2 18. Kxg2 Qd5+ 19. f3 Qb7 20. Bd2 Rd8 21. e3 a5 22. Nc1 e5 23. Ndb3 e4 24. f4 Nxb3 25. Nxb3 Qb6 26. Rc1 0-0 27. Rc4 Rd3 28. Qc2 Rfd8 29. Bc1 R3d5 30. h3 h5 31. Re1 R8d7 32. Re2 Bd8 33. Nc5 Re7 34. b3 Qd6 35. Bb2 Rc7 36. Be5 Rxe5 37. fxe5 Qxe5 38. Nxe4 Nd5 39. Qd3 f5 40. Qd4 Qxe4+ 41. Qxe4 fxe4 42. Rd4 Rd7 43. Red2 Nxe3+ 44. Kf2 Ng4+ 45. hxg4 Bb6 46. Ke3 hxg4 47. Kxe4 Bxd4 48. Rxd4 Rf7 49. Rd5 Rf3 50. Rxa5 Rxg3 51. Kd4 Rxb3 52. Kc4 Rb1 53. Rg5 Kf7 54. Rxg4 Kf6 55. a5 b3 56. Kb5 Ra1 57. Rb4 g5 58. Rxb3 g4 1/2-1/2

[Event "Rasht Gilan Cup 1st"]
[Site "Rasht"]
[Date "2022.07.13"]
[Round "6"]
[White "Shams, Mohammad Matin"]
[Black "Atabayev, Saparmyrat"]
[Result "0-1"]
[WhiteElo "2105"]
[BlackElo "2447"]
[PlyCount "118"]
[EventDate "2022.07.09"]
[EventType "swiss"]
[EventRounds "9"]
[EventCountry "IRI"]
[SourceTitle "CBM 209 Extra"]
[Source "ChessBase"]
[SourceDate "2022.09.30"]
[SourceVersion "1"]
[SourceVersionDate "2022.09.30"]
[SourceQuality "1"]

1. Nf3 Nf6 2. g3 g6 3. b3 Bg7 4. Bb2 0-0 5. Bg2 d6 6. d4 c5 7. 0-0 Qc7 8. c4 Nc6 9. Nc3 Bg4 10. d5 Na5 11. Nd2 a6 12. Qc2 Bf5 13. e4 Bd7 14. a4 Rab8 15. Rfe1 e5 16. Ne2 Qc8 17. f4 Ne8 18. Nc1 exf4 19. gxf4 Bh3 20. Bf3 Qd8 21. Nd3 Qh4 22. Bxg7 Nxg7 23. Qc3 b6 24. Nf2 Bd7 25. Qe3 Rbe8 26. Nd3 g5 27. fxg5 f6 28. Bg2 fxg5 29. Qg3 Qh6 30. e5 Nh5 31. Qe3 dxe5 32. Nxe5 Nf4 33. Qg3 Bf5 34. Ndf3 Nh5 35. Qxg5+ Qxg5 36. Nxg5 Nxb3 37. Ra2 Nd4 38. d6 Nf4 39. Rf2 Ng6 40. Bd5+ Kg7 41. Ngf7 Rxf7 42. Bxf7 Rxe5 43. Rxe5 Nxe5 44. Bd5 Kf6 45. Rb2 Nd7 46. a5 bxa5 47. Rb7 a4 48. Ra7 Nb8 49. Ra8 a3 50. d7 Bxd7 51. Rxb8 a5 52. Rf8+ Ke5 53. Rf2 Ba4 54. Bg8 Bc2 55. Rf1 Nb3 56. Kf2 a2 57. Ke3 a1Q 58. Rxa1 Nxa1 59. h4 Nb3 0-1

[Event "Rasht Gilan Cup 1st"]
[Site "Rasht"]
[Date "2022.07.11"]
[Round "3"]
[White "Shams, Mohammad Matin"]
[Black "Rasulov, Vugar Ural Oglu"]
[Result "0-1"]
[WhiteElo "2105"]
[BlackElo "2458"]
[PlyCount "184"]
[EventDate "2022.07.09"]
[EventType "swiss"]
[EventRounds "9"]
[EventCountry "IRI"]
[SourceTitle "CBM 209 Extra"]
[Source "ChessBase"]
[SourceDate "2022.09.30"]
[SourceVersion "1"]
[SourceVersionDate "2022.09.30"]
[SourceQuality "1"]

1. Nf3 g6 2. g3 Bg7 3. d4 Nf6 4. Bg2 0-0 5. 0-0 d5 6. Be3 Bf5 7. Qc1 Nbd7 8. Nh4 Bg4 9. Nc3 Nb6 10. h3 Bd7 11. b3 Re8 12. a4 c6 13. a5 Nc8 14. Bh6 Bh8 15. Nf3 Nd6 16. Rd1 Rc8 17. Bf4 c5 18. Be5 cxd4 19. Bxd4 e6 20. Qb2 Bg7 21. g4 h6 22. Ne5 Bc6 23. a6 b6 24. Rd2 Ba8 25. Nd3 Qe7 26. Be5 Red8 27. Rad1 g5 28. Nc1 h5 29. e3 hxg4 30. hxg4 Nde8 31. Rd4 Ne4 32. Bxg7 Nxc3 33. R1d3 Nb5 34. Be5 f6 35. Bg3 Nxd4 36. exd4 Nd6 37. f3 Nb5 38. Ne2 Bc6 39. Re3 Re8 40. f4 Nd6 41. fxg5 fxg5 42. Bxd6 Qxd6 43. Re5 Rc7 44. Rxg5+ Rg7 45. Rxg7+ Kxg7 46. Qc1 Kf7 47. Qh6 Ke7 48. Qg7+ Kd8 49. Qxa7 Qc7 50. Qxc7+ Kxc7 51. Nf4 Kd6 52. g5 Rf8 53. Nd3 Rg8 54. Ne5 Kc7 55. Nf3 Bb5 56. a7 Kb7 57. c4 Be8 58. Ne5 Rxg5 59. Kf2 Kxa7 60. cxd5 exd5 61. Bxd5 Kb8 62. Ke3 Kc7 63. Kd3 Rg3+ 64. Kc4 Kd6 65. Nf7+ Kc7 66. Ne5 Bh5 67. Be4 Bd1 68. Bd3 Rh3 69. b4 Rg3 70. Kd5 Bb3+ 71. Ke4 Rh3 72. b5 Bg8 73. Kf4 Kd6 74. Nf3 Bb3 75. Bf1 Rh1 76. Nd2 Ba4 77. Nc4+ Kc7 78. Ne3 Rh4+ 79. Ke5 Rh5+ 80. Ke6 Bxb5 81. Bg2 Bd7+ 82. Ke7 Bc6 83. Bf1 b5 84. Nc2 Rh1 85. Bd3 Rh3 86. Bf5 Rh5 87. Ne3 b4 88. d5 b3 89. d6+ Kb6 90. d7 Bxd7 91. Bxd7 Re5+ 92. Be6 Rh5 0-1

[Event "Eastern Asia-ch U12"]
[Site "Tornelo INT"]
[Date "2021.10.31"]
[Round "7"]
[White "Shams, Mohammad Matin"]
[Black "Tran, Ngoc Minh Duy"]
[Result "0-1"]
[WhiteElo "1772"]
[BlackElo "1272"]
[PlyCount "160"]
[EventDate "2021.10.29"]
[EventType "swiss"]
[EventRounds "9"]
[EventCountry "NET"]
[SourceTitle "EXT 2023"]
[Source "ChessBase"]
[SourceDate "2022.10.05"]
[SourceVersion "1"]
[SourceVersionDate "2022.10.05"]
[SourceQuality "1"]

1. c4 e6 2. Nf3 d5 3. b3 Nf6 4. Bb2 Be7 5. e3 0-0 6. Be2 b6 7. 0-0 Bb7 8. d4 c5 9. Nbd2 Nc6 10. Ne5 cxd4 11. exd4 Nxe5 12. dxe5 Nd7 13. Bf3 Nc5 14. Qe2 Rc8 15. Rfd1 Ba6 16. Rac1 f6 17. b4 Na4 18. exf6 Bxf6 19. Qxe6+ Kh8 20. Ba3 Nc3 21. Rxc3 Bxc3 22. Qxd5 Bxd2 23. b5 Qxd5 24. Bxd5 Rfe8 25. bxa6 Re1+ 26. Rxe1 Bxe1 27. g3 Bc3 28. Kg2 g6 29. Kf3 Kg7 30. Ke4 Kf6 31. Kd3 Be5 32. f4 Ba1 33. Bb4 h5 34. Ke3 Re8+ 35. Kf3 Bd4 36. Bd2 Kf5 37. h3 Rc8 38. a4 Re8 39. Bc6 Re7 40. Bd5 Kf6 41. Be4 Rc7 42. Bd5 Re7 43. g4 hxg4+ 44. hxg4 Rh7 45. Ke4 Bb2 46. g5+ Ke7 47. Be3 Kd6 48. Bf2 Re7+ 49. Kf3 Ba3 50. Be4 Bc5 51. Bg3 Bd4 52. f5+ Kc5 53. f6 Re6 54. Bd5 Re3+ 55. Kg4 Re8 56. Bf4 Rf8 57. Bc1 Kb4 58. Bd2+ Kxa4 59. Kf4 Bxf6 60. gxf6 Rxf6+ 61. Ke4 b5 62. c5 b4 63. c6 b3 64. Bc3 Rf8 65. Kd4 g5 66. Bd2 b2 67. Be4 g4 68. Kc3 Ka3 69. Kc2 Rf1 70. Kc3 Rc1+ 71. Kd4 g3 72. Bc3 Rxc3 73. Kxc3 g2 74. c7 g1Q 75. c8Q Qe3+ 76. Bd3 b1Q 77. Qf8+ Ka2 78. Qf7+ Ka1 79. Qf5 Qb2+ 80. Kc4 Qed4# 0-1

[Event "IRI-ch Online"]
[Site "Chess.com INT"]
[Date "2021.03.18"]
[Round "9"]
[White "Shams, Mohammad Matin"]
[Black "Alizadeh, Mohammad Mahdi"]
[Result "1-0"]
[WhiteElo "1987"]
[BlackElo "1856"]
[PlyCount "95"]
[EventDate "2021.03.15"]
[EventType "swiss (rapid)"]
[EventRounds "11"]
[EventCountry "IRI"]
[SourceTitle "CBM 201 Extra"]
[Source "ChessBase"]
[SourceDate "2021.05.31"]
[SourceVersion "1"]
[SourceVersionDate "2021.05.31"]
[SourceQuality "1"]

1. Nf3 d5 2. c4 d4 3. b4 f6 4. Bb2 e5 5. a3 a5 6. b5 b6 7. g3 Bb7 8. Bg2 Be7 9. 0-0 Nh6 10. Re1 0-0 11. Qc2 Qc8 12. d3 a4 13. Nbd2 Nd7 14. e3 dxe3 15. fxe3 e4 16. Nxe4 Bxe4 17. dxe4 Bd6 18. e5 fxe5 19. Ng5 g6 20. Bd5+ Kh8 21. Qg2 Nc5 22. Bxa8 Qxa8 23. Qxa8 Rxa8 24. Rad1 Kg7 25. Nf3 Re8 26. h3 Nf7 27. Kg2 Kg8 28. e4 Kf8 29. h4 Nh6 30. Ng5 Kg7 31. Kh3 Ng8 32. Rf1 Nf6 33. Rxf6 Kxf6 34. Nxh7+ Kg7 35. Ng5 Rf8 36. Rd5 Rf2 37. Bxe5+ Bxe5 38. Rxe5 Kf6 39. Re8 Ra2 40. e5+ Kg7 41. e6 Rxa3 42. Re7+ Kf8 43. Rxc7 Re3 44. Kg4 a3 45. Ra7 Nd3 46. Nh7+ Ke8 47. Nf6+ Kf8 48. Rf7# 1-0

[Event "IRI-ch Online"]
[Site "Chess.com INT"]
[Date "2021.03.18"]
[Round "11"]
[White "Shams, Mohammad Matin"]
[Black "Ramshini, Hamed"]
[Result "1-0"]
[WhiteElo "1987"]
[BlackElo "1495"]
[PlyCount "81"]
[EventDate "2021.03.15"]
[EventType "swiss (rapid)"]
[EventRounds "11"]
[EventCountry "IRI"]
[SourceTitle "CBM 201 Extra"]
[Source "ChessBase"]
[SourceDate "2021.05.31"]
[SourceVersion "1"]
[SourceVersionDate "2021.05.31"]
[SourceQuality "1"]

1. f4 e6 2. Nf3 d5 3. d4 Nf6 4. e3 Bd6 5. Bd3 Ne4 6. 0-0 f5 7. c3 0-0 8. Nbd2 Nd7 9. Ne5 Ndf6 10. Ndf3 c5 11. Qe1 c4 12. Bc2 b5 13. b4 a5 14. Nc6 Qe8 15. Nxa5 Bc7 16. a4 Bd7 17. Ne5 Bxa5 18. bxa5 Rxa5 19. Ba3 bxa4 20. Bxf8 Kxf8 21. Qc1 Kg8 22. Ra3 Bb5 23. Bxe4 Nxe4 24. Qb2 Qe7 25. Rb1 h6 26. Nf3 Kh7 27. Rba1 g5 28. g3 gxf4 29. exf4 Kg7 30. Ne5 h5 31. Qe2 Kh6 32. Nf3 Ra8 33. Qb2 Ra5 34. Nd2 Nd6 35. Re1 h4 36. Qb4 Ra8 37. Nf3 hxg3 38. hxg3 Rg8 39. Kg2 Qg7 40. Rh1+ Kg6 41. Qxd6 1-0

[Event "IRI-ch Online"]
[Site "Chess.com INT"]
[Date "2021.03.17"]
[Round "7"]
[White "Shams, Mohammad Matin"]
[Black "Ahmadi, Erfan"]
[Result "0-1"]
[WhiteElo "1987"]
[BlackElo "1761"]
[PlyCount "124"]
[EventDate "2021.03.15"]
[EventType "swiss (rapid)"]
[EventRounds "11"]
[EventCountry "IRI"]
[SourceTitle "CBM 201 Extra"]
[Source "ChessBase"]
[SourceDate "2021.05.31"]
[SourceVersion "1"]
[SourceVersionDate "2021.05.31"]
[SourceQuality "1"]

1. Nf3 d5 2. c4 e6 3. g3 Nf6 4. b3 Be7 5. Bg2 0-0 6. Bb2 Nbd7 7. 0-0 b6 8. d4 Bb7 9. Nbd2 c5 10. Rc1 Rc8 11. e3 h6 12. Qe2 Re8 13. Rfd1 Bd6 14. Ne5 Qe7 15. f4 Red8 16. Bf3 Nf8 17. Qg2 cxd4 18. exd4 Bb4 19. Nf1 Ne4 20. Ne3 Nh7 21. cxd5 Rxc1 22. Rxc1 Bd2 23. dxe6 Bxe3+ 24. Kf1 f5 25. Rc6 Nd2+ 26. Ke2 Nxf3 27. Qxf3 Bxd4 28. Ng6 Qe8 29. e7 Bxc6 30. Qxc6 Nf8 31. Qc4+ Kh7 32. Nxf8+ Kh8 33. Kf1 Bxb2 34. exd8Q Qxd8 35. Ne6 Qd1+ 36. Kg2 Qd7 37. Qe2 Bf6 38. h3 a5 39. g4 Qd5+ 40. Kh2 fxg4 41. hxg4 g5 42. f5 Be5+ 43. Kg1 b5 44. Qg2 Qd1+ 45. Kf2 Qc2+ 46. Kf1 Qb1+ 47. Kf2 Qxa2+ 48. Kg1 Qxg2+ 49. Kxg2 a4 50. bxa4 bxa4 51. Kf3 a3 52. Nc5 a2 53. Nb3 a1Q 54. Nxa1 Bxa1 55. Ke4 Kg7 56. Kd5 Kf6 57. Ke4 Ke7 58. Kd5 Kd7 59. Kc5 Bh8 60. Kd5 Bf6 61. Kc5 h5 62. gxh5 g4 0-1

[Event "IRI-ch U12"]
[Site "Chess.com INT"]
[Date "2021.01.16"]
[Round "11"]
[White "Alaghehmand, Arshia"]
[Black "Shams, Mohammad Matin"]
[Result "1-0"]
[WhiteElo "1396"]
[BlackElo "1987"]
[PlyCount "69"]
[EventDate "2021.01.16"]
[EventType "swiss"]
[EventRounds "11"]
[EventCountry "IRI"]
[SourceTitle "EXT 2022"]
[Source "ChessBase"]
[SourceDate "2021.10.06"]
[SourceVersion "1"]
[SourceVersionDate "2021.10.06"]
[SourceQuality "1"]

1. e4 e6 2. d4 d5 3. e5 c5 4. c3 Nc6 5. Be3 Qb6 6. Qd2 cxd4 7. cxd4 Bd7 8. Bd3 Bb4 9. Nc3 Rc8 10. Nge2 a6 11. 0-0 Nge7 12. f4 g6 13. a3 Bxc3 14. bxc3 Na5 15. Rab1 Qc7 16. Bf2 h5 17. Nc1 Nf5 18. Nb3 Nxb3 19. Rxb3 b5 20. Rfb1 0-0 21. h3 Qd8 22. g4 hxg4 23. hxg4 Nh6 24. f5 Nxg4 25. f6 Kh7 26. Qg5 Rh8 27. Qxg4 Be8 28. Kg2 Kg8 29. Rh1 Rxh1 30. Kxh1 Bc6 31. Bxg6 Kf8 32. Bh5 Qa5 33. Qg7+ Ke8 34. Qxf7+ Kd8 35. Qe7# 1-0

[Event "IRI-ch U12"]
[Site "Chess.com INT"]
[Date "2021.01.16"]
[Round "6"]
[White "Daneshvar, Kasra"]
[Black "Shams, Mohammad Matin"]
[Result "0-1"]
[WhiteElo "1417"]
[BlackElo "1987"]
[PlyCount "136"]
[EventDate "2021.01.16"]
[EventType "swiss"]
[EventRounds "11"]
[EventCountry "IRI"]
[SourceTitle "EXT 2022"]
[Source "ChessBase"]
[SourceDate "2021.10.06"]
[SourceVersion "1"]
[SourceVersionDate "2021.10.06"]
[SourceQuality "1"]

1. e4 e6 2. d4 d5 3. e5 c5 4. c3 Nc6 5. Nf3 Qb6 6. a3 c4 7. Be2 Bd7 8. Nbd2 Na5 9. 0-0 Ne7 10. Rb1 Qc7 11. Re1 Nc8 12. Ng5 Nb6 13. Bg4 Ba4 14. Qf3 Bc2 15. Ra1 Bg6 16. Bh5 Bxh5 17. Qxh5 g6 18. Qf3 h6 19. Qf6 Rg8 20. Nxe6 Qe7 21. Qxe7+ Kxe7 22. Nxf8 Rgxf8 23. Nf3 g5 24. Be3 Nb3 25. Rab1 Rfe8 26. h4 g4 27. Nh2 h5 28. Bg5+ Ke6 29. f3 gxf3 30. Nxf3 Rg8 31. Rf1 Nd7 32. Nd2 Nxd2 33. Bxd2 f6 34. Bf4 Raf8 35. Rbe1 f5 36. Bg5 a5 37. Re3 b5 38. Ree1 Rb8 39. Ra1 Rgf8 40. Kh2 Rb6 41. Kg3 Rf7 42. Kf4 Rg7 43. Rf3 Nf8 44. Rg3 Rb8 45. Bh6 Rxg3 46. Kxg3 Ng6 47. Bg5 Rf8 48. Kf3 f4 49. g3 fxg3+ 50. Kxg3 Rf7 51. Bf6 Nf8 52. Bg5 Nd7 53. Rg1 Nb6 54. Rg2 Na4 55. Bf6 Nb6 56. Kf4 Nd7 57. Kg5 Rh7 58. Kg6 Nf8+ 59. Kg5 Kf7 60. Kf5 Ne6 61. Rg1 Rh6 62. Rg3 Rh7 63. Rg6 b4 64. axb4 axb4 65. Rg1 Nf8 66. Ra1 Kg8 67. Rg1+ Kf7 68. Ra1 Kg8 0-1